Manual of recommended practice for portable direct-reading carbon monoxide indicators /

Saved in:
Bibliographic Details
Corporate Author: AIHA Gas and Vapor Detection Systems Committee
Other Authors: Frazee, P. R. (Patrick R.)
Format: Book
Language:English
Published: Akron, Ohio : American Industrial Hygiene Association, c1985.
Subjects:
LEADER 01314cam a2200313 a 4500
001 c000280756
003 CARM
005 20080220134813.0
008 860605s1985 ohua b 001 0 eng
019 1 |a 4897316  |5 LACONCORD2021 
020 |a 0932627226 (pbk.) 
035 |a (OCoLC)14175513  |5 LACONCORD2021 
040 |a LC  |b eng  |c LC 
050 0 0 |a TD885.5.C33  |b M36 1985 
082 0 4 |a 628.5/32  |2 19 
245 0 0 |a Manual of recommended practice for portable direct-reading carbon monoxide indicators /  |c AIHA Gas and Vapor Detection Systems Committee ; P.R. Frazee, editor. 
246 3 |a Portable direct-reading carbon monoxide indicators 
260 |a Akron, Ohio :  |b American Industrial Hygiene Association,  |c c1985. 
300 |a vi, 40 p. :  |b ill. ;  |c 28 cm. 
500 |a Includes index. 
504 |a Bibliography: p. 26. 
650 0 |a Carbon monoxide  |x Environmental aspects  |x Measurement. 
650 0 |a Air sampling apparatus. 
650 0 |a Environmental monitoring. 
700 1 |a Frazee, P. R.  |q (Patrick R.) 
710 2 |a AIHA Gas and Vapor Detection Systems Committee. 
852 8 |b CARM  |h A1:AR25E0  |i F03437  |p 0498185  |f BK 
999 f f |i 86f09611-8c11-539a-bd5b-fbdd6358f6f3  |s 23f41c9a-bfd1-5a43-b2ff-18f3d0736a66 
952 f f |p Can circulate  |a CAVAL  |b CAVAL  |c CAVAL  |d CARM 1 Store  |e F03437  |f A1:AR25E0  |h Other scheme  |i book  |m 0498185